[Event "Interzonal-15"]
[Site "Manila"]
[Date "1990.??.??"]
[Round "13"]
[White "Gelfand, Boris"]
[Black "Ehlvest, Jaan"]
[Result "1-0"]
[WhiteElo "2680"]
[BlackElo "2655"]
[Annotator "Gelfand,B"]
[PlyCount "117"]
[EventDate "1990.06.29"]
[EventType "swiss"]
[EventRounds "13"]
[EventCountry "PHI"]
[SourceTitle "CBM 019"]
[Source "ChessBase"]
[SourceDate "1990.12.01"]
[SourceVersion "1"]
[SourceVersionDate "1990.12.01"]
[SourceQuality "1"]

1. d4 {Stohl} Nf6 2. c4 e6 3. Nf3 b6 4. a3 Bb7 5. Nc3 d5 6. cxd5 (6. Bg5 $5 {
Stohl} Be7 7. Bxf6 Bxf6 8. cxd5 exd5 {-D58}) 6... Nxd5 7. Qc2 Nxc3 8. Qxc3 a5
9. Bf4 (9. e3 $4 Bb4 $1 $19) (9. Bg5 {Stohl} Be7 10. Bxe7 Qxe7 11. e3 (11. Rc1
Na6 12. e3 O-O 13. Bxa6 $6 Bxa6 14. Qxc7 Qf6 $40) 11... O-O 12. Be2 Rc8 13. O-O
Nd7 $10 {/\c5}) 9... Bd6 10. Bg3 (10. Bxd6 {Stohl} Qxd6 (10... cxd6 $5 11. d5
e5 12. e4 O-O {/\f5<=>}) 11. Rc1 (11. d5 $6 O-O 12. dxe6 Qxe6 13. Qxc7 Bd5 $36)
11... Na6 12. e3 O-O $10 13. Bxa6 $6 Bxa6 14. Qxc7 Qd5 $146) 10... O-O 11. e3
Na6 (11... Nd7 {Stohl} 12. Bb5 (12. Bd3 Qe7 {/\c5=}) 12... Nf6 $5 (12... Bxg3
13. hxg3 c5 (13... c6 $2 14. Bxc6 Rc8 15. Qd3) 14. Rd1 $36) 13. Bc6 Nd5 14. Qc2
Bxc6 15. Qxc6 Ne7 16. Qc2 $14) 12. Rd1 (12. Bb5 {Stohl} c6 $1 {/\c5}) 12... Qe7
13. Bc4 $1 (13. Bd3 $5 Nb4 $1 (13... c5 {Stohl} 14. dxc5 Bxc5 15. O-O Rac8 $10)
14. Bb1 Nd5 15. Qc2 f5 $13) 13... c5 (13... Rfd8 {Stohl} 14. Bh4 $1 (14. O-O
Bxg3 15. hxg3 c5 16. Qb3 Rd6 17. d5 b5 $5 $13) 14... f6 15. Qb3 Re8 16. O-O $16
) (13... c6 {Stohl} 14. O-O Nc7 15. Bxd6 Qxd6 16. Ne5 $36) (13... Rac8 {Stohl}
14. Qb3 $5) 14. d5 exd5 (14... b5 $2 {Stohl} 15. Bxd6 Qxd6 16. dxe6) (14...
Bxg3 {Stohl} 15. hxg3 b5 $2 16. d6) 15. Bxd5 Bxg3 (15... Bxd5 $6 16. Rxd5 Rad8
$2 (16... Rfd8 $5 {Stohl} 17. Bxd6 (17. Qd3 $6 c4 18. Qxc4 Bxg3 19. hxg3 Rac8
20. Rxd8+ Qxd8 21. Qh4 Rc1+ 22. Ke2 Rc2+ $15) (17. Ke2 Bxg3 18. Rxd8+ Rxd8 19.
hxg3 Qd7 $132) 17... Rxd6 18. Rxd6 Qxd6 19. Ke2 $1 Rd8 20. Qc4 Nc7 (20... b5
21. Qxb5 Rb8 22. Qxa5 Rxb2+ 23. Nd2 {/\Dc3}) 21. Rc1 $14 {/\a4}) 17. Qd3 $1
Bxg3 (17... c4 $8 18. Qxc4 Bxg3 19. hxg3 Rxd5 20. Qxd5 $16) 18. hxg3 $18) 16.
hxg3 Rad8 (16... Bxd5 17. Rxd5 Qe4 (17... Nc7 $2 18. Qd3 g6 19. Rd7 $18) (17...
Rfd8 {Stohl} 18. Rdh5 (18. Rg5 g6 $13 (18... f6 $2 19. Qc4+ Kh8 (19... Qf7 20.
Rxg7+ $1) 20. Rxh7+ $1 Kxh7 21. Rh5+ Kg6 22. Nh4+ $3 Kxh5 23. Qe2+ Kg5 24. f4+
$18)) 18... h6 19. Ne5 (19. g4 $2 Qd7) 19... Qd6 20. Ke2 $40) (17... Rad8 $2
18. Qd3 $18) 18. Qe5 $5 (18. Rg5 $2 g6 19. Rh4 Qb1+ 20. Ke2 Rad8 $13) (18. Qd3
Qxd3 19. Rxd3 c4 $5 $132) 18... Qc4 (18... Qxe5 19. Nxe5 $14) 19. Rh4 $1 $40)
17. Rh5 $1 Bxd5 (17... g6 18. Qe5 $5 Qd7 19. Ng5 $1 Qxd5 (19... gxh5 20. Ne4
Qc7 21. Nf6+ Kh8 22. Qf5 $18) 20. Rxd5 Rxd5 21. Qf6 gxh5 22. Qh6 Rxg5 23. Qxg5+
Kh8 24. Qf6+ Kg8 25. Qxb6 $16) (17... Nb8 $6 {Stohl} 18. Re5 Qc7 19. Rg5 g6 20.
Qf6 $16) 18. Rhxd5 Nc7 19. R5d3 (19. Rxd8 Rxd8 20. Qe5 Rxd1+ 21. Kxd1 Qd7+ $1
$10) (19. R5d2 $5) 19... Ne6 (19... Rxd3 {Stohl} 20. Qxd3 b5 21. Qd7 $18) (
19... a4 $5 {Stohl} 20. Qc2 $1 (20. Ne5 $6 Rxd3 21. Rxd3 Nb5) (20. Qd2 Ne6 21.
Ne5 Qc7) 20... Qe4 $8 (20... Rxd3 21. Qxd3 Ne6 22. Qd7 Qf6 23. Rd2 Rd8 24. Qb5
$1) 21. Qd2 $1 Rde8 $5) 20. Qb3 $1 (20. Ne5 $5 Qb7 (20... Nd4 21. Nc4 $1 $16)
21. Kf1 $14) (20. Ne5 $5 {Stohl /\Td7,Sc6}) 20... Rc8 $5 (20... Qb7 $6 21. Qb5
$1 Nc7 22. Rd7 $1 Rxd7 23. Qxd7 $16) (20... Rxd3 21. Rxd3 Rd8 22. Rxd8+ Qxd8
23. Ne5 Qd6 $1 $14) 21. Qxb6 (21. Ne5 $2 {Stohl} c4) 21... Rb8 $6 (21... c4 22.
Rd5 $5 (22. Rd7 Qf6 $132) (22. Rc3 Nc5 23. Qxa5 Ra8 $1 24. Qb5 Nd3+ 25. Rdxd3 (
25. Kf1 Rab8 $13) 25... cxd3 26. Qxd3 $14) 22... c3 (22... Qf6 23. Re5 $5 Rb8
24. Qxa5 Rxb2 25. Qc3 $16) 23. bxc3 Qxa3 24. Qxa5 Qxa5 25. Rxa5 Rxc3 $16) (
21... c4 $5 {Stohl}) 22. Qxa5 Rxb2 23. Qc3 Qb7 (23... Rb7 {Stohl} 24. Ne5 $18)
24. Nd2 $1 (24. Ne5 {Stohl} Ra2 $5) 24... h6 (24... Rb8 25. Nc4 Ra2 26. Kf1 $16
) (24... Ra2 $2 {Stohl} 25. Rb1 {/\Db3}) 25. Nc4 Ra2 26. Kf1 Ng5 27. Nd6 $5 (
27. Qb3 $6 {Stohl} Qxb3 28. Rxb3 Rc2 $1 $132) 27... Qb2 (27... Qb6 {Stohl} 28.
Kg1 $1 {/\Sf5} (28. Nf5 $2 Rxf2+ $1)) 28. Qxb2 Rxb2 29. R1d2 (29. f4 $5 Ne6 30.
R1d2 $18) (29. Rc3 {Stohl} Rd8 $5 {/\Se4}) (29. Ra1 $5 {Stohl} Rd8 30. Rdd1 {
/\Sc4,a4+-}) 29... Rb1+ 30. Ke2 Rg1 (30... Rc1 31. Rd1 Rc2+ 32. R3d2 Rc3 33.
Ra1 $18) 31. Ra2 Rxg2 32. a4 Nh3 (32... Rg1 {Stohl} 33. Rb3 $5 (33. a5 Rb1 34.
a6 Ra8 $16) 33... Rd8 34. a5 Rxd6 35. a6 Ne6 (35... Rxa6 36. Rxa6 $18) 36. a7
Nc7 37. Rb7 $18) 33. Kf3 Rh2 34. e4 (34. a5 $2 {Stohl} Ng5+ (34... f5 35. Rd5
$1 Ng5+ 36. Kf4 Nh3+ 37. Ke5 Nxf2 38. Ra3 Ng4+ 39. Ke6 $18) 35. Kf4 (35. Kg4 $6
f5+ 36. Nxf5 (36. Kf4 Nh3+ 37. Kf3 $2 g5 $19) 36... Ne6 $5 37. e4 g6 $36) 35...
Nh3+ 36. Ke5 (36. Kf3 Ng5+ $10) 36... Nxf2 $132) 34... Ng5+ 35. Ke3 Rh1 36. a5
(36. Rb3 $2 {Stohl} Rd8) 36... Rb1 37. a6 Ra8 38. Rda3 Ne6 39. a7 Nd4 40. Ra6
Rb3+ 41. Kf4 $18 (41. Kd2 $5 {Stohl} Nf3+ (41... Rb4 42. Kc3) 42. Kc1 Rb4 43.
R2a4 Rxa4 44. Rxa4 Nd4 45. Kb2 Nc6 46. Nb5 $18) 41... f6 42. e5 $1 (42. Nc4 {
Stohl} Rb7 $5 (42... h5 43. e5 $8 Rb4 44. Rb6 (44. Nb6 $2 Nb5+ 45. Ke3 Rxa7)
44... Rxa7 45. Rxa7 Rxc4 46. Ra8+ $18) (42... Nb5 43. Rb6) 43. Nb6 Raxa7 44.
Rxa7 Rxb6 $16) 42... Nb5 (42... f5 43. e6 $1 $18) (42... Rb4 43. exf6 gxf6 44.
Ke3 $18) (42... fxe5+ {Stohl} 43. Kxe5 $18) 43. Nxb5 (43. e6 $5 $18) (43. Nc8
$2 {Stohl} Nc7 44. Rc6 Rb7) 43... Rxb5 44. Ke4 $1 (44. exf6 c4 $1 $132 (44...
c4 {Stohl} 45. fxg7 Kxg7 46. Ke4 Rb7 (46... c3 $2 47. Kd4) 47. Kd4 Rc7 $16))
44... c4 (44... Rb7 {Stohl} 45. Kd5) 45. Kd4 Rxe5 (45... fxe5+ {Stohl} 46. Kxc4
Rb7 47. Kc5 $18 {/\Kc6-b6,Tc2}) 46. Rb6 Ree8 47. Kxc4 Kh7 48. Kb5 Re7 49. Rba6
h5 (49... f5 {Stohl} 50. Kb6 g5 51. Rc2 h5 52. Rc7 Rxc7 53. Kxc7 h4 54. gxh4
gxh4 55. Kb7 Rxa7+ 56. Kxa7 $18) 50. Kb6 Kh6 (50... g5 51. Rc2 Kg6 52. Rc7 Rxc7
53. Kxc7 h4 54. gxh4 gxh4 55. Kb7 Rxa7+ 56. Rxa7 Kg5 57. Kc6 $18) 51. Rc2 Ree8
(51... g5 $5 {Stohl} 52. Rc7 Re2 53. Kb7 Rxa7+ 54. Rxa7 Rxf2 55. Kc6 $18) 52.
Kb7 Kg5 53. Rc4 (53. Rac6 {Stohl} Kg4 54. Rc8 Rexc8 55. Rxc8 Rxa7+ 56. Kxa7 Kf3
57. Rc2 g5 58. Kb6 h4 59. gxh4 gxh4 60. Kc5 h3 61. Rc3+ Kg4 62. Rg3+ $18) 53...
Rg8 (53... f5 {Stohl} 54. f4+) 54. Rac6 f5 55. Rc8 Rgxc8 56. Rxc8 Rxa7+ 57.
Kxa7 Kg4 58. Rc4+ Kh3 (58... Kf3 {Stohl} 59. Rf4+) 59. Rh4+ 1-0

[Event "EU-chT (Men) 13th"]
[Site "Leon"]
[Date "2001.11.14"]
[Round "8.1"]
[White "Bacrot, Etienne"]
[Black "Gelfand, Boris"]
[Result "1/2-1/2"]
[WhiteElo "2653"]
[BlackElo "2701"]
[Annotator "Gelfand,B"]
[PlyCount "169"]
[EventDate "2001.11.06"]
[EventType "team-swiss"]
[EventRounds "9"]
[EventCountry "ESP"]
[SourceTitle "CBM 086"]
[Source "ChessBase"]
[SourceDate "2002.02.05"]
[SourceVersion "1"]
[SourceVersionDate "2002.02.05"]
[SourceQuality "1"]
[WhiteTeam "France"]
[BlackTeam "Israel"]
[WhiteTeamCountry "FRA"]
[BlackTeamCountry "ISR"]

1. d4 Nf6 2. c4 e6 3. Nf3 b6 4. a3 Bb7 5. Nc3 d5 6. Bg5 Be7 7. Qa4+ Qd7 8.
Qxd7+ Nbxd7 9. Nb5 Bd8 $3 $146 10. cxd5 (10. Bf4 dxc4 11. Nxc7+ Bxc7 12. Bxc7
O-O 13. Rc1 Rfc8 14. Bf4 b5 15. Ne5 Nb6 $15 {0-1 Van Wely,L-Gelfand,B/Monaco
MNC 2001 (52)}) 10... Nxd5 11. e4 (11. Bxd8 Kxd8 12. Rc1 a6 13. Nc3 Nxc3 14.
Rxc3 c5 $11) 11... N5f6 12. Rc1 Bxe4 13. Nxc7+ Bxc7 14. Rxc7 Nd5 15. Rc1 h6 16.
Bd2 (16. Bh4 Nf4 (16... g5 17. Bg3) 17. Rc7 (17. Bg3 g5) 17... Nd5 18. Rc1 $11)
16... Bxf3 17. gxf3 Ke7 18. Ba6 N7f6 (18... Rad8 $5) 19. Rc4 (19. Rg1 $5 g5 20.
h4 gxh4 21. Rh1 $132) 19... Rad8 (19... Nh5 $5) 20. Ke2 Nh5 $15 21. Rhc1 Nhf4+
22. Kf1 Kf6 23. Ra4 g5 24. Bb5 a5 25. Rc6 (25. Rac4 h5 $5) 25... Rc8 26. Rac4
Rxc6 27. Rxc6 (27. Bxc6 Rd8) 27... Rd8 (27... Kg6 28. Ke1 Kh5 29. Bf1 $15) (
27... h5 28. Ke1 g4 29. Bxf4 Nxf4 30. Rxb6 gxf3 31. Bc6 $11) 28. Be3 Ng6 29.
Rc4 $6 (29. Bd3 $142 Nge7 (29... Nh4 30. Be4 Nf5 31. Bxd5 (31. Ke2 Nf4+ $15)
31... Rxd5 32. Rxb6 $11) 30. Rc4 Nf5 31. Ke2 h5 (31... b5 32. Rc5 Nf4+ 33. Bxf4
Nxd4+ 34. Ke3 gxf4+ 35. Kxf4) 32. Be4 $15) 29... Nh4 30. Ke2 h5 (30... Nf5 31.
Bc6 Nf4+ 32. Kf1 (32. Bxf4 Rxd4)) 31. Rc6 Nf5 (31... g4 32. fxg4 hxg4 33. Bc4)
32. Kd2 g4 $6 (32... Nf4 $1 33. Rxb6 (33. Kc3 Ne7 34. Rc4 Ned5+ 35. Kd2 g4 36.
Bc6 Kf5) 33... Nxd4 34. Bxd4+ Rxd4+ 35. Ke1 (35. Kc3 Rd1 36. Ra6 Rh1) 35... Nd5
36. Ra6 Rh4 37. Rxa5 Rxh2 $19) (32... Nfe7 33. Rc1 Nxe3 34. fxe3 e5 35. Kd3 $15
) 33. Be2 (33. fxg4 hxg4 34. Be2 Rh8 (34... Rg8) 35. Bxg4 Ndxe3 36. fxe3 Rxh2+
37. Kd3 Rxb2 $17) (33. Ke2 $5 Rg8) 33... g3 (33... Rg8 $5 34. Rc1 g3 35. hxg3
Ndxe3 36. fxe3 Rxg3 37. Kd3 h4 38. Rh1 $132) 34. hxg3 Ndxe3 35. fxe3 Nxg3 36.
Rxb6 $2 (36. Bd3 $1 h4 37. Ke1 Rh8 38. Rc2 $11) (36. Ke1 Nxe2 37. Kxe2 h4 38.
Kf1 Rg8) 36... h4 37. f4 h3 38. Bf3 h2 39. Rb5 Rh8 (39... a4 $1 40. Rb4 Rh8 (
40... Rg8 41. Rxa4 (41. Bc6 h1=Q 42. Bxh1 Nxh1 43. Rxa4 Rg2+ 44. Kc3 Nf2 $19)
41... Nf1+ 42. Ke2 Nxe3 43. Kxe3 Rg3 44. Kf2 Rxf3+ 45. Kg2 $11) 41. Rxa4 Rh3
42. Ke1 (42. Bb7 Nf1+ 43. Ke2 Nxe3 44. Bh1 Rg3 $1 $19 (44... Nf5 45. Kf2 Rg3
46. Bg2 Rd3 47. Bh1 Rd2+ 48. Kf3 Nxd4+ 49. Kg3 $15)) 42... Nf5 43. Bh1 Rxe3+
44. Kf2 Rg3 $17) 40. Rxa5 Rh3 41. Bb7 Nf1+ (41... h1=Q 42. Bxh1 Rxh1 43. b4 $15
) 42. Ke2 (42. Ke1 Nxe3 43. Bh1 Rg3) 42... Nxe3 43. Bh1 Nf5 44. Kf2 Rb3 45. Kg2
Rxb2+ 46. Kh3 Nxd4 47. a4 Ra2 48. Ra7 Ne2 (48... Nb5 $1 49. Rxf7+ (49. Ra8 Nc3
50. a5 (50. Kg3 Rxa4 51. Rxa4 Nxa4 52. Kxh2 Kf5 53. Kg3 Nc3 $19) 50... Nd5 51.
Kg3 Kf5) (49. Ra6 Nc3 50. Rc6 Ne2 51. Rc4 Kf5 $17) 49... Kxf7 50. axb5 Kf6 $1 (
50... Rb2 51. Bg2 Rxb5 52. Kxh2 Kf6 53. Kg3 Rb4 54. Bh3) 51. b6 Kf5 $19) 49.
Kxh2 Nxf4+ 50. Kg3 Nd3 (50... Ne2+ 51. Kf3 Nd4+ 52. Kf4 $17) 51. Bc6 Ne5 52.
Be8 Rd2 53. a5 Rd8 54. Bb5 Rb8 55. Ba4 Rb4 56. Be8 Rb3+ 57. Kg2 Ra3 58. a6 (58.
Kf2 $5) 58... Ra5 59. Kg3 Kg7 60. Kg2 Kf8 61. Ra8 Ke7 62. a7 Kf6 63. Kf2 Ra3
64. Bb5 Kf5 (64... Ng6 65. Ke2 Ne7 66. Kd2 Ke5 67. Rf8) 65. Be8 $1 Kf4 (65...
f6 66. Bh5 $11) 66. Bxf7 $1 Ra2+ 67. Kf1 Nxf7 (67... Ke3 68. Bh5 $8) 68. Re8
Rxa7 69. Rxe6 Ng5 70. Re8 Kf3 71. Ke1 Ne4 72. Kd1 Ra2 73. Kc1 Ke3 74. Rd8 Nc5
75. Kb1 Rh2 76. Rd5 Nd3 77. Rd8 Rb2+ 78. Ka1 Rb7 79. Ka2 Kd2 80. Rc8 Ne5 81.
Rc5 Nf3 82. Ka3 Nd4 83. Rc8 Nb5+ 84. Ka4 Nc7 85. Rh8 1/2-1/2

[Event "AUT-chT 9596"]
[Site "Austria"]
[Date "1996.??.??"]
[Round "?"]
[White "Lukacs, Peter"]
[Black "Atlas, Valeri"]
[Result "1/2-1/2"]
[WhiteElo "2440"]
[BlackElo "2440"]
[Annotator "Gelfand,B"]
[PlyCount "144"]
[EventDate "1995.??.??"]
[EventType "team"]
[EventRounds "11"]
[EventCountry "AUT"]
[SourceTitle "CBM 052"]
[Source "ChessBase"]
[SourceDate "1996.06.01"]
[SourceVersion "1"]
[SourceVersionDate "1996.06.01"]
[SourceQuality "1"]

1. d4 Nf6 2. c4 e6 3. Nf3 b6 4. Nc3 Bb7 5. a3 g6 6. Bg5 Bg7 7. Qc2 h6 8. Bh4
Bxf3 (8... d6 9. e4 g5 10. Bg3 Nh5 11. d5 Nd7 12. Be2 g4 13. Nd2 Nxg3 14. hxg3
h5 15. O-O-O Qf6 16. Rdf1 O-O-O 17. Kb1 Kb8 18. Nb3 Qg6 19. Nb5 a6 20. N5d4 Nc5
21. Nxc5 dxc5 22. Nb3 exd5 23. cxd5 c6 24. d6 Qxd6 25. f4 Bd4 26. e5 Qe7 27.
Qf5 Bc8 28. Qe4 Qe6 29. Qc2 f6 $15 {Lautier-Kortschnoj, Horgen 95}) 9. gxf3 O-O
$5 (9... Nc6 10. e3 Ne7 11. Bd3 (11. O-O-O Nf5 12. Bg3 Nxg3 $6 13. hxg3 O-O 14.
e4 Qe7 15. e5 Nh7 16. f4 $16 {Petran-Zsinka, 95}) 11... Nf5 12. Bxf5 exf5 13.
O-O-O O-O 14. Rhg1 Kh8 15. Kb1 Qe8 16. e4 $1 g5 17. Bxg5 hxg5 18. Rxg5 fxe4 19.
Re5 Qd8 20. fxe4 Nh7 21. Rh5 Qe8 22. Rd3 Kg8 23. Rdh3 Nf6 24. R5h4 Qe6 25. e5
Rfe8 26. Rg3 Kf8 27. exf6 Bxf6 28. Rhg4 Bxd4 29. Rxd4 {1-0 Sturua,Z-Apel,S,
Dresden open 1995}) 10. e3 Nc6 11. Rd1 $6 {עe1} (11. O-O-O $142) 11... Ne7 12.
f4 (12. e4 c5 $5 $132) 12... Nf5 13. Bxf6 (13. Bg3 d5 $15 (13... c5 $5)) 13...
Qxf6 14. Bg2 c6 $1 {/\14...Nh4 15.Be4 d5} 15. Be4 $6 (15. O-O $142 $15) 15...
Nh4 $1 $17 {[#]} 16. Qe2 d5 17. cxd5 exd5 (17... cxd5 $5 18. Bb1 g5 19. f5 Rfd8
(19... Nxf5 20. Nxd5 $1 exd5 21. Qc2) 20. fxe6 Nf3+ $17) 18. Bb1 g5 $2 (18...
Qe6 $1 $17 {עe1}) (18... Rfe8 $5 {=/+/-/+}) 19. f5 $1 {+/=/=} Rfe8 20. Qg4
Rad8 (20... h5 21. Qxh5 Nxf5 22. Bxf5 Qxf5 23. Rg1) 21. O-O $1 h5 22. Qxh5 Nxf5
23. Kh1 Nh6 24. f4 (24. h3 {/\Rg1} g4 $1) 24... g4 25. Rde1 Kf8 $2 (25... Re7
$1 26. h3 (26. f5 $143 $6 Rde8 27. e4 dxe4 28. Nxe4 Qxd4 $17) 26... gxh3 27.
Rg1 $13) 26. f5 c5 27. e4 dxe4 28. Nxe4 Rxe4 29. Rxe4 Rxd4 $1 (29... cxd4 $6
30. Bd3 $16) 30. Rxd4 cxd4 31. Bd3 Kg8 32. Re1 (32. h3 $2 Qc6+ 33. Kg1 Qd6)
32... Bf8 33. Kg1 $6 (33. h3 $1 g3 (33... Qc6+ $2 34. Be4) (33... gxh3 34. Rg1+
$16) 34. Qf3 $16) 33... Bd6 {ףh5} 34. h3 gxh3 35. Qxh3 Kf8 $1 (35... Bf4 36.
Re8+ $14) 36. Qg2 (36. Bb5 $142 $5 $132) 36... Bf4 $1 37. Rf1 $6 Qh4 $1 38.
Qa8+ {(+)} Kg7 39. Qg2+ Kf6 $1 40. Qc6+ Kg5 41. Qg2+ Ng4 {[#]} 42. Rf3 $1 $8
Qe1+ 43. Qf1 Qe5 $1 {/\Be3-+} 44. Qg2 Be3+ 45. Kf1 Qc5 $1 46. Qc2 $1 $8 Ne5 (
46... Qxc2 47. Bxc2 Nh2+ 48. Kg2 Nxf3 49. Kxf3 Bc1 50. a4 (50. b4 b5 $1 $19)
50... Bxb2 51. Bd3 $10) 47. Ke2 $8 (47. Qxc5 $2 bxc5 48. Ke2 c4 $19) 47... Nxf3
48. Kxf3 Qd5+ 49. Be4 Qd6 50. Qg2+ Kf6 51. Ke2 $10 Qf4 52. Bd3 (52. Kd3 {
/\Kc2-b1=}) 52... Qh4 53. Qc6+ Kg7 54. Qg2+ Kf6 55. Qc6+ Kg7 56. Qg2+ Bg5 57.
Qf2 Qg4+ 58. Qf3 Qg1 59. Qf2 Qg4+ 60. Qf3 Qh4 61. Qf2 Qh5+ 62. Qf3 Qh2+ 63. Qf2
Qe5+ 64. Kd1 {/\Kc2-b1=} a5 65. Kc2 Qe3 66. Qxe3 dxe3 67. a4 Kf6 68. Kd1 Ke5
69. Ke2 Kd4 70. b3 f6 71. Bc4 Kc3 72. Be6 Kd4 1/2-1/2

[Event "Leonid Stein Memorial"]
[Site "Lvov"]
[Date "2000.05.21"]
[Round "9"]
[White "Gelfand, Boris"]
[Black "Romanishin, Oleg M"]
[Result "1-0"]
[WhiteElo "2692"]
[BlackElo "2578"]
[Annotator "Gelfand,B"]
[PlyCount "93"]
[EventDate "2000.05.12"]
[EventType "tourn"]
[EventRounds "10"]
[EventCountry "UKR"]
[EventCategory "17"]
[SourceTitle "CBM 077"]
[Source "ChessBase"]
[SourceDate "2000.07.27"]
[SourceVersion "1"]
[SourceVersionDate "2000.07.27"]
[SourceQuality "1"]

1. d4 {Engqvist} Nf6 2. c4 e6 3. Nf3 b6 4. a3 Bb7 5. Nc3 Ne4 6. Nxe4 Bxe4 7.
Nd2 {Engqvist: 'The most ambitious move.'} Bb7 8. e4 d6 $6 (8... g6) 9. Bd3 Nd7
(9... g6 {Engqvist} 10. Nf3 Bg7 11. O-O O-O 12. Bg5 Qd7 13. Qd2 Nc6 14. d5 Ne5
(14... Nd4 $5 15. Nxd4 Bxd4 16. Rad1 $14 {Polugaevskij} (16. Rae1 Bg7 (16... c5
$2 17. e5 $1 Bxe5 18. Rxe5 dxe5 19. Bf6 $18 {Spraggett}) 17. f4 Rae8 18. Kh1
$14 {Spraggett-Hebert, Montreal 1986 - 42/660})) 15. Nxe5 dxe5 16. Rfd1 exd5 (
16... c6 17. dxe6 Qxe6 18. c5 $1 $16 {Polugaevskij}) 17. cxd5 c6 18. Bc4 $14 {
Polugaevskij-Christiansen, Thessaloniki (ol) 1984 - 38/657}) 10. O-O g6 11. Nf3
Bg7 12. Bg5 Qc8 $146 (12... f6 13. Be3 O-O 14. d5 Qe7 15. Nd4 Nc5 16. b4 Nxd3
17. Qxd3 Bc8 18. Rae1 e5 19. Nc6 Qe8 20. f4 Bd7 21. fxe5 fxe5 22. Rxf8+ Bxf8
23. b5 a6 24. Qb3 axb5 25. cxb5 h6 26. a4 g5 27. Nb4 Qg6 28. Bd2 $16 {1-0
Volzhin,A-Balashov,Y/Elista 1996/CBM 56 (51)}) 13. Qd2 h6 14. Be3 Nf6 15. d5
Ng4 16. Bd4 e5 (16... Ne5 17. Nxe5 dxe5 18. Be3 $16) 17. Bc3 O-O 18. b4 {
'+/-' Engqvist.  Engqvist: 'White has already started his offensive on the
queenswing while black has problems to start a counterattack. The bishop on b7
is misplaced and belongs on the diagonal c8-h3.'} (18. a4 $5 a5 (18... c6 19.
b4 $16 (19. a5 cxd5 20. cxd5 Ba6 $14)) 19. b4 axb4 20. Bxb4 c5 21. Bc3 $14)
18... Qd8 (18... f5 $2 {Engqvist} 19. Nh4 {[%csl Rf5,Rg6]}) 19. g3 $1 (19. a4
f5 $132) 19... Bc8 (19... f5 20. Nh4 $16) 20. a4 Nf6 (20... f5 21. Nh4) 21. a5
(21. Nh4 Bh3 22. Ng2 Nh5 $132) 21... Bh3 22. Rfe1 Qd7 {Engqvist: 'At last
black has found reasonable squares for his pieces.  '} 23. c5 bxc5 (23... Nh5
24. c6 Qg4 25. Nh4 $16) 24. bxc5 Rab8 (24... c6 25. dxc6 Qxc6 26. cxd6 $18) 25.
c6 $1 {Engqvist: 'White has created a wedge in black's position and it will be
difficult to defend the lone pawn on a7 in the long run. I remember Bronstein
once said that the meaning with chess is to win one of the queensidepawns.
This game is an excellent example of that fundamental idea.'} (25. Qc2 c6 $1 (
25... Nh5 26. c6 Qg4 27. Nh4 (27. Nd2 Nf4 28. f3 Qg5 29. Bf1 $16) 27... Nf4 28.
f3 Qh5 29. Bf1 $16) 26. cxd6 (26. dxc6 Qxc6 27. cxd6 Ng4 $44) 26... cxd5 27.
Bxe5 Rfc8 28. Qd2 (28. Qd1 $5) 28... Bg4 $13) (25. Kh1 c6 $1 (25... Bg4 26. Ng1
dxc5 27. f3) 26. Ng1 (26. dxc6 Qxc6 27. cxd6 Ng4 $1) 26... cxd5 27. Nxh3 d4 $1
$15 (27... Qxh3 28. exd5 dxc5)) 25... Qg4 26. Qd1 $6 (26. Nh4 g5 27. f3 Qh5) (
26. Qe3 $1 Nh5 (26... Rb3 27. Bc2 (27. Rec1)) 27. Nd2 Nf4 28. f3 Qg5 29. Bf1 f5
30. Kh1 $16) 26... Nh7 $6 (26... Rb3 $3 27. Rc1 (27. Qxb3 Qxf3 28. Bf1 Bxf1 29.
Rxf1 Nxe4 $17) 27... Ra3 28. Nd2 Qxd1 29. Rexd1 h5 $1 30. Nc4 Rb3 31. f3 Bh6
32. Rc2 Nh7 $132) 27. Nd2 Qc8 28. Rb1 f5 {Engqvist: 'Finally black manages to
play f7-f5 but it is too late.'} 29. Rxb8 Qxb8 30. Qb1 (30. exf5 gxf5 31. Qc2
Qd8 $13) 30... Ng5 (30... Qd8 31. Qb7 Ng5 32. Qxa7 f4 (32... fxe4 33. Bxe4) 33.
a6 Bc8 34. Bf1 $16) 31. Qxb8 Rxb8 32. f3 $6 (32. Rb1 $1 Rxb1+ 33. Bxb1 fxe4 34.
a6 Bf6 35. Nxe4 Nf3+ 36. Kh1 $16) 32... fxe4 33. fxe4 (33. Bxe4 Nxe4 34. fxe4
a6) 33... h5 34. Rb1 (34. Bf1 $5) 34... Rf8 (34... Rxb1+ {Engqvist} 35. Nxb1 {
[%csl Ra7,Rc7][%cal Yb1a3,Ya3b5]} Bc8 36. h4 Nh7 37. Na3 a6 (37... Nf6 38. Kf2
$18 {[%cal Yf2e2,Ya3b5]} (38. Nb5 Ba6)) 38. Nc2 {[%csl Ra6][%cal Yc2b4]}) 35.
Be2 (35. Bf1 Bc8 36. h4 Nh3+ 37. Bxh3 Bxh3 38. Rb7 Bh6 $132) 35... Bh6 36. a6
Bg4 $6 $138 (36... Bc8 $3 37. Rf1 (37. Rb8 Nh3+ 38. Kg2 Rf2+ 39. Kh1 Rf8) 37...
Nh3+ 38. Kg2 Nf2 $3 {Romanishin,O} 39. Rxf2 (39. g4 Nxg4 40. Rxf8+ Kxf8) 39...
Bh3+ 40. Kg1 Be3 41. Nf3 (41. Bf3 g5 42. Ba5 Rf7 43. Bxc7 Rxc7 44. Bxh5 Rc8)
41... Rb8 42. Bf1 (42. Nd2 Rf8) (42. Be1 Rb1) 42... Bxf2+ (42... Rb1 43. Ne1
$18 (43. Be1 Bg4)) 43. Kxf2 Bxf1 44. Kxf1 (44. Ba5 Bxa6 45. Bxc7 Rb2+ 46. Kg1
Rb1+ $11 47. Kg2 Rb2+ 48. Kh3 $140 g5) 44... Rb3 45. Bxe5 Rxf3+ (45... dxe5 46.
Nxe5 Rc3 47. Ke2 (47. Nxg6 Kf7 48. Nf4 Kf6) 47... Kg7 48. Kd2 Rc5 49. Nd7 $18)
46. Ke2 Rf8 (46... Ra3 47. Bf6 Rxa6 48. Bd8 Kf7 49. Bxc7 Ke7 50. e5) 47. Bd4
Kf7 48. h4 Rb8 49. Kd3 $14) 37. Bxg4 hxg4 38. Rf1 ({Of course not} 38. Rb7 $4 {
Engqvist} Nh3+ 39. Kh1 Bxd2 $19) 38... Rb8 $2 $138 (38... Nh3+ $142 39. Kg2 Rb8
40. Nc4 Rb5 41. Ra1 $1 Ng5 (41... Rc5 42. Ra4) 42. Bd2 Kg7 (42... Nf7 43. Ba5
Ng5 44. Bxc7 Rb4 45. Rc1 $18) 43. Nxd6 Rb2 44. Nc4 Rc2 45. Rc1 Ra2 46. Kf1 Nf3
47. Bxh6+ Kxh6 48. d6 $18) (38... Nf3+ 39. Nxf3 gxf3 40. Be1 $18) (38... Rxf1+
{Engqvist} 39. Kxf1 $18 {[%csl Ra7,Rc7][%cal Rc3a5,Ra5c7,Rc7b8,Rb8a7]}) 39. Kf2
Rb6 40. Ra1 Nh7 (40... Nf3 41. Nc4 Rb3 42. Ba5 Rd3 43. Ra2 Rd1 44. Bxc7 Rh1 45.
Ne3 $18) 41. Ke2 Nf6 42. Kd3 Bxd2 43. Bxd2 Kf7 44. Ra3 Rb1 45. Be3 Rd1+ 46. Ke2
Rb1 47. Bxa7 1-0